Tiếp thị phá cách : Kỹ thuật mới để tìm kiếm những ý tưởng đột phá

Saved in:
Bibliographic Details
Main Author: Kotler, Philip
Format: Book
Language:Undetermined
Published: Thành phố Hồ Chí Minh Trẻ 2006
Subjects:
Tags: Add Tag
No Tags, Be the first to tag this record!
Institutions: Trung tâm Học liệu Trường Đại học Cần Thơ
LEADER 00637nam a2200193Ia 4500
001 CTU_103588
008 210402s9999 xx 000 0 und d
082 |a 658.8001 
082 |b K87 
100 |a Kotler, Philip 
245 0 |a Tiếp thị phá cách : 
245 0 |b Kỹ thuật mới để tìm kiếm những ý tưởng đột phá 
245 0 |c Philip Kotler, Fernando Trias De Bes ; Vũ Tiến Phúc dịch 
260 |a Thành phố Hồ Chí Minh 
260 |b Trẻ 
260 |c 2006 
650 |a Marketing 
904 |i Hiếu 
980 |a Trung tâm Học liệu Trường Đại học Cần Thơ